大阪シティエアターミナル(OCAT)から行くことのできる自治体(2004年) - Statistics

General Stats
  • This quiz has been taken 9 times
  • The average score is 72 of 142
Answer Stats
愛称 運行会社 行先 % Correct
フォレスト号 近鉄バス宮城交通 仙台市
100%
アルカディア号 近鉄バス 山交バス 山形市
100%
ギャラクシー号 近鉄バス 福島交通 福島市
100%
よかっぺ号 近鉄バス 関東鉄道 水戸市
100%
ギャラクシー号 近鉄バス 福島交通 郡山市
86%
シーガル号 近鉄バス 常磐自動車交通 いわき市
86%
よかっぺ号 近鉄バス 関東鉄道 つくば市
86%
とちの木号 近鉄バス関東自動車 鹿沼市
86%
とちの木号 近鉄バス 関東自動車 宇都宮市
86%
とちの木号 近鉄バス関東自動車 栃木市
86%
とちの木号 近鉄バス 関東自動車 小山市
86%
シルクライナー 日本中央バス 高崎市
86%
シルクライナー 日本中央バス 前橋市
86%
シルクライナー 日本中央バス 伊勢崎市
86%
シルクライナー 日本中央バス 桐生市
86%
ツィンクル号カジュアル・ツィンクル号 近鉄バス多摩バス 新宿区
86%
ドリームなんば・堺号 JR西日本バス
JRバス関東
南海バス
千代田区
86%
ブルーライト号 近鉄バス相模鉄道 横浜市
86%
クリスタルライナー 近鉄バス 山梨交通 甲府市
86%
名神高速バス 大阪線 名古屋観光日急 名古屋市
86%
よかっぺ号 近鉄バス 関東鉄道 土浦市
71%
シルクライナー 日本中央バス 足利市
71%
シルクライナー 日本中央バス 佐野市
71%
ウイングライナー 近鉄バス 国際十王交通 熊谷市
71%
フライングライナーフライングスニーカー 近鉄バス東北急行バス 中央区
71%
トレンディ号 近鉄バス 多摩バス 八王子市
71%
わかさライナー 近鉄バス 福井鉄道 小浜市
71%
岐阜-大阪線 日本交通 岐阜乗合自動車 岐阜市
71%
高山~京都・大阪線 近鉄バス 濃飛乗合自動車 高山市
71%
OCATシャトルバス 日本交通関西空港交通 泉南郡田尻町
71%
鳥取~大阪線 日本交通 八頭郡若桜町
71%
鳥取~大阪線 日本交通 鳥取市
71%
倉吉~大阪線 日本交通 倉吉市
71%
米子~大阪線 日本交通 米子市
71%
リョービ・エクスプレス 両備バス 岡山市
71%
リョービ・エクスプレス 両備バス 倉敷市
71%
びんごライナー 近鉄バス中国バス 福山市
71%
なんば・あべの橋⇔広島 南海バス中国JRバス 広島市
71%
カルスト号 近鉄バス 防長交通 山口市
71%
阿波エクスプレス号 本四海峡バスJR四国バス 西日本JRバス 鳴門市
71%
阿波エクスプレス号 本四海峡バス
JR四国バス
西日本JRバス
徳島市
71%
阿南エクスプレス号 本四海峡バス
JR四国バス
西日本JRバス
徳島市
71%
たかなんFOOT BUS号 南海バス高松エクスプレス 鳴門市
71%
たかなんFOOT BUS号 南海バス 高松エクスプレス 高松市
71%
さぬきエクスプレス大阪 JR四国バス四国高速バス 阪急バス 西日本JRバス 鳴門市
71%
さぬきエクスプレス大阪 JR四国バス
四国高速バス
阪急バス
西日本JRバス
高松市
71%
松山エクスプレス大阪号 JR四国バス 西日本JRバス 松山市
71%
高知エクスプレス号 JR四国バス西日本JRバス 高知市
71%
シルクライナー 日本中央バス 金沢市
57%
シルクライナー 日本中央バス 藤岡市
57%
シルクライナー 日本中央バス 太田市
57%
シルクライナー 日本中央バス 館林市
57%
ウイングライナー 近鉄バス国際十王交通 川越市
57%
ドリームなんば・堺号 JR西日本バスJRバス関東 南海バス 渋谷区
57%
クリスタルライナー 近鉄バス 山梨交通 韮崎市
57%
千曲川ライナー 近鉄バス 千曲バス 上田市
57%
千曲川ライナー 近鉄バス 千曲バス 北佐久郡軽井沢町
57%
岐阜-大阪線 日本交通岐阜乗合自動車 羽島市
57%
高山~京都・大阪線 近鉄バス濃飛乗合自動車 郡上市
57%
空港アクセスバス 大阪空港交通 豊中市
57%
空港アクセスバス 大阪空港交通 池田市
57%
白浜エクスプレス 明光バス JR西日本バス 田辺市
57%
白浜エクスプレス 明光バス JR西日本バス 西牟婁郡白浜町
57%
鳥取~大阪線 日本交通 八頭郡智頭町
57%
カブトガニ号 井笠鉄道 笠岡市
57%
カブトガニ号 井笠鉄道 井原市
57%
びんごライナー 近鉄バス 中国バス 尾道市
57%
カルスト号 近鉄バス 防長交通 防府市
57%
カルスト号 近鉄バス 防長交通 萩市
57%
さぬきエクスプレス大阪 JR四国バス
四国高速バス
阪急バス
西日本JRバス
丸亀市
57%
しまんとブルーライナー 近鉄バス 高知西南交通 幡多郡佐賀町
57%
しまんとブルーライナー 近鉄バス 高知西南交通 宿毛市
57%
山陽道昼特急博多号 西日本JRバスJR九州バス 北九州市
57%
山陽道昼特急博多号 西日本JRバス JR九州バス 福岡市
57%
オランダ号 近鉄バス 長崎自動車 長崎市
57%
コーラルエクスプレス号 南海バス 西肥自動車 西松浦郡有田町
57%
サンライズ号 近鉄バス 九州産業交通 熊本市
57%
とちの木号 近鉄バス 関東自動車 真岡市
43%
シルクライナー 日本中央バス 富岡市
43%
わかさライナー 近鉄バス福井鉄道 大飯郡高浜町
43%
千曲川ライナー 近鉄バス
千曲バス
千曲市
43%
千曲川ライナー 近鉄バス 千曲バス 小諸市
43%
千曲川ライナー 近鉄バス 千曲バス 佐久市
43%
岐阜-大阪線 日本交通 岐阜乗合自動車 関市
43%
白浜エクスプレス 明光バスJR西日本バス 海南市
43%
白浜エクスプレス 明光バス JR西日本バス 日高郡南部町
43%
鳥取~大阪線 日本交通 八頭郡郡家町
43%
カブトガニ号 井笠鉄道 浅口郡鴨方町
43%
カブトガニ号 井笠鉄道 浅口郡里庄町
43%
カブトガニ号 井笠鉄道 小田郡矢掛町
43%
カブトガニ号 井笠鉄道 深安郡神辺町
43%
カルスト号 近鉄バス防長交通 岩国市
43%
カルスト号 近鉄バス 防長交通 周南市
43%
阿南エクスプレス号 本四海峡バス
JR四国バス
西日本JRバス
小松島市
43%
阿南エクスプレス号 本四海峡バス
JR四国バス
西日本JRバス
阿南市
43%
たかなんFOOT BUS号 南海バス 高松エクスプレス さぬき市
43%
さぬきエクスプレス大阪 JR四国バス
四国高速バス
阪急バス
西日本JRバス
さぬき市
43%
さぬきエクスプレス大阪 JR四国バス
四国高速バス
阪急バス
西日本JRバス
坂出市
43%
しまんとブルーライナー 近鉄バス 高知西南交通 高岡郡窪川町
43%
オランダ号 近鉄バス 長崎自動車 諫早市
43%
コーラルエクスプレス号 南海バス 西肥自動車 佐世保市
43%
トロピカル号 近鉄バス 鹿児島交通 鹿児島市
43%
アルカディア号 近鉄バス山交バス 南陽市
29%
ギャラクシー号 近鉄バス福島交通 須賀川市
29%
クリスタルライナー 近鉄バス山梨交通 北巨摩郡小淵沢町
29%
高山~京都・大阪線 近鉄バス 濃飛乗合自動車 大野郡清見村
29%
鳥取~大阪線 日本交通 八頭郡用瀬町
29%
倉吉~大阪線 日本交通 東伯郡三朝町
29%
びんごライナー 近鉄バス 中国バス 府中市
29%
阿波エクスプレス号 本四海峡バス
JR四国バス
西日本JRバス
板野郡松茂町
29%
阿南エクスプレス号 本四海峡バス
JR四国バス
西日本JRバス
板野郡松茂町
29%
たかなんFOOT BUS号 南海バス 高松エクスプレス 東かがわ市
29%
さぬきエクスプレス大阪 JR四国バス
四国高速バス
阪急バス
西日本JRバス
東かがわ市
29%
松山エクスプレス大阪号 JR四国バス西日本JRバス 温泉郡川内町
29%
しまんとブルーライナー 近鉄バス高知西南交通 須崎市
29%
しまんとブルーライナー 近鉄バス 高知西南交通 中村市
29%
オランダ号 近鉄バス長崎自動車 大村市
29%
コーラルエクスプレス号 南海バス西肥自動車 武雄市
29%
とちの木号 近鉄バス 関東自動車 下館市
14%
ウイングライナー 近鉄バス 国際十王交通 比企郡滑川町
14%
フライングライナー フライングスニーカー 近鉄バス 東北急行バス 江東区
14%
わかさライナー 近鉄バス 福井鉄道 大飯郡大飯町
14%
クリスタルライナー 近鉄バス 山梨交通 北巨摩郡長坂町
14%
千曲川ライナー 近鉄バス 千曲バス 埴科郡坂城町
14%
千曲川ライナー 近鉄バス 千曲バス 小県郡東部町
14%
高山~京都・大阪線 近鉄バス 濃飛乗合自動車 大野郡荘川村
14%
鳥取~大阪線 日本交通 八頭郡河原町
14%
鳥取~大阪線 日本交通 八頭郡八東町
14%
倉吉~大阪線 日本交通 気高郡気高町
14%
倉吉~大阪線 日本交通 東伯郡東郷町
14%
米子~大阪線 日本交通 日野郡江府町
14%
米子~大阪線 日本交通 日野郡溝口町
14%
米子~大阪線 日本交通 西伯郡岸本町
14%
たかなんFOOT BUS号 南海バス 高松エクスプレス 綾歌郡国分寺町
14%
しまんとブルーライナー 近鉄バス 高知西南交通 高岡郡中土佐町
14%
しまんとブルーライナー 近鉄バス 高知西南交通 幡多郡大方町
14%
クリスタルライナー 近鉄バス 山梨交通 中巨摩郡敷島町
0%
倉吉~大阪線 日本交通 苫田郡上齋原村
0%
カルスト号 近鉄バス 防長交通 美祢郡美東町
0%
阿南エクスプレス号 本四海峡バス
JR四国バス
西日本JRバス
那賀郡那賀川町
0%
サンライズ号 近鉄バス九州産業交通 鹿本郡植木町
0%
トロピカル号 近鉄バス鹿児島交通 姶良郡溝辺町
0%
No matching quizzes found
Score Distribution
Percent of People with Each Score
Percentile by Number Answered
Your Score History
You have not taken this quiz